The challenges of born-digital fiction : editions, translations, and emulations /

The Challenges of Born-Digital Fiction: Editions, Translations, and Emulations addresses the growing concern about how best to maintain and extend the accessibility of early interactive novels and hypertext fiction or narratives. These forms of born-digital literature were produced before or shortly...

Full description

Bibliographic Details
Main Authors: Grigar, Dene (Author), Pisarski, Mariusz, 1973- (Author)
Format: Book
Language:English
Published: Cambridge ; New York : Cambridge University Press, [2024].
Series:Cambridge elements. Digital library studies.
Subjects:

MARC

Tag First Indicator Second Indicator Subfields
LEADER 00000cam a2200000 i 4500
001 in00004792179
003 OCoLC
005 20240918204604.0
008 240114t20242024enka b 000 0 eng d
035 |a (OCoLC)1417195827 
040 |a YDX  |e rda  |c YDX  |d COO  |d BWK 
020 |a 1009181475 
020 |a 9781009181471 
020 |a 1009507370  |q (hardcover) 
020 |a 9781009507370  |q (hardcover) 
050 4 |a PN3448.H96  |b G75 2024 
082 0 |a 809.3911  |q OCoLC  |2 23/eng/20240417 
100 1 |a Grigar, Dene,  |e author. 
245 1 4 |a The challenges of born-digital fiction :  |b editions, translations, and emulations /  |c Dene Grigar and Mariusz Pisarski. 
264 1 |a Cambridge ;  |a New York :  |b Cambridge University Press,  |c [2024]. 
264 4 |c ©2024. 
300 |a 86 pages :  |b illustrations ;  |c 24 cm. 
336 |a text  |b txt  |2 rdacontent 
337 |a unmediated  |b n  |2 rdamedia 
338 |a volume  |b nc  |2 rdacarrier 
490 1 |a Cambridge Elements Digital Library Studies 
504 |a Includes bibliographical references (pages [77]-86). 
520 |a The Challenges of Born-Digital Fiction: Editions, Translations, and Emulations addresses the growing concern about how best to maintain and extend the accessibility of early interactive novels and hypertext fiction or narratives. These forms of born-digital literature were produced before or shortly after the mainstreaming of the World Wide Web with proprietary software and on formats now obsolete. Preserving and extending them for a broad study by scholars of book culture, literary studies and digital culture necessitate they are migrated, translated and emulated, yet these activities can impact the integrity of the reader experience. Thus, this Element centers on three key challenges facing such efforts, precision of references, identifying correct editions and versions of migrated works in scholarship, enhanced media translation, approaching translation informed by the changing media context in a collaborative environment and media integrity, relying on emulation as the prime mode for long-term preservation of born-digital novels. 
650 0 |a Hypertext fiction  |x History and criticism. 
700 1 |a Pisarski, Mariusz,  |d 1973-  |e author. 
830 0 |a Cambridge elements. Digital library studies. 
945 |b 87639 
947 |a A14852491258 
948 |a dmitchel 9/18/24 3.44.28 
980 |b print  |c 40032276376  |f NONFIC/B  |g 565714  |k USD  |m 51.99  |q 1  |s AcqMono Conventional  |t Approval plan  |u Vendor order reference number  |v ZYBP  |y Print approval  |z Physical resource 
999 f f |i 85f849ed-b744-4974-ae97-f1b9d954bae8  |s d7a5e972-f12c-4a10-8cb1-d4f00f4b7ac8  |t 0 
952 f f |p normal  |a Texas A&M University  |b College Station  |c Sterling C. Evans Library  |s Evans stk  |d Evans: Library Stacks  |t 0  |e PN3448.H96 G75 2024  |h Library of Congress classification  |i unmediated -- volume  |m A14852491258